甘肃面积最大的9个县级行政区 9 largest counties in Gansu - Statistics

General Stats
  • This quiz has been taken 34 times
  • The average score is 7 of 9
Answer Stats
面积/km² 地市排名 县区 % Correct
66748 酒泉1 肃北蒙古族自治县
100%
31200 酒泉3 敦煌市
100%
13389 酒泉6 玉门市
93%
20456 张掖1 肃南裕固族自治县
90%
24100 酒泉4 瓜州县
83%
32374 酒泉2 阿克塞哈萨克族自治县
80%
18800 酒泉5 金塔县
67%
10190 甘南州1 玛曲县
67%
15907 武威1 民勤县
60%
No matching quizzes found
Score Distribution
Percent of People with Each Score
Percentile by Number Answered
Your Score History
You have not taken this quiz